banner koha

Estrutura da vegetação lenhosa de três áreas de manguezal do Piauí com diferentes históricos de antropização (Registro n. 298997)

MARC details
000 -LÍDER
fixed length control field 01118nab a2200301 4500
003 - CÓDIGO MARC DA AGÊNCIA CATALOGADORA
Campo de controle BR-BrBNA
005 - DATA E HORA DA ÚLTIMA ATUALIZAÇÃO
Campo de controle 20240331231323.0
008 - CAMPO DE TAMANHO FIXO
fixed length control field 240331b bl.||||| |||| 00| 0 por d
040 ## - FONTE DA CATALOGAÇÃO
Agência catalogadora BR-BrBNA
Idioma da catalogação por
072 ## - CATEGORIA AGRIS
Código AGRIS K10 ; F50
100 ## - ENTRADA PRINCIPAL - NOME PESSOAL
Nome pessoal Deus, Maria do Socorro Meireles de
100 ## - ENTRADA PRINCIPAL - NOME PESSOAL
Nome pessoal Sampaio, Everardo Valadares de Sá Barreto
100 ## - ENTRADA PRINCIPAL - NOME PESSOAL
Nome pessoal Rodrigues, Sílvia Maria Cultorato Barreiro
100 ## - ENTRADA PRINCIPAL - NOME PESSOAL
Nome pessoal Andrade, Valmar Correa de
245 ## - TÍTULO PRINCIPAL
Título principal Estrutura da vegetação lenhosa de três áreas de manguezal do Piauí com diferentes históricos de antropização
Subtítulo Pesquisa
500 ## - NOTA GERAL
Nota geral Summaries (eng, por); 26 ref.
942 ## - ADDED ENTRY ELEMENTS (KOHA)
Koha item type
650 ## - ASSUNTO - THESAGRO
Cabeçalho tópico ou nome geográfico ESTRUTURA VEGETAL
650 ## - ASSUNTO - THESAGRO
Cabeçalho tópico ou nome geográfico PLANTA LENHOSA
650 ## - ASSUNTO - THESAGRO
Cabeçalho tópico ou nome geográfico DENSIDADE DA MADEIRA
650 ## - ASSUNTO - THESAGRO
Cabeçalho tópico ou nome geográfico ÁREA BASAL
650 ## - ASSUNTO - THESAGRO
Cabeçalho tópico ou nome geográfico ALTURA DA PLANTA
650 ## - ASSUNTO - THESAGRO
Cabeçalho tópico ou nome geográfico MANGUE
650 ## - ASSUNTO - THESAGRO
Cabeçalho tópico ou nome geográfico RIO PARNAÍBA
650 ## - ASSUNTO - THESAGRO
Cabeçalho tópico ou nome geográfico PIAUÍ
773 0# - ENTRADA ANALÍTICA
Host Biblionumber 1357
Registro do item 4684
Imprenta Brasília-DF Instituto Brasileiro de Desenvolvimento Florestal 1970
Outro identificador 2023-07828
Título Brasil Florestal (Brazil)
ISSN 0045-270X
Colação v. 22(78) p. 53-60; (Dec 2003)
Número de controle de registro BR2024000539

Nenhum exemplar disponível.

BINAGRI

Telefone: (61)3218-2567/2388/3357/2097 - binagri@agro.gov.br

Ministério da Agricultura e Pecuária , Esplanada dos Ministérios, Bloco D, Anexo B, Brasília/DF, CEP: 70.043-900